00827 2200289 4500001002100000005001500021035002000036007000300056040001700059100002700076245008700103250001200190300003300202041000800235082001200243084001800255090002200273264004400295336002100339337003000360338002300390650001000413700004000423850001000463008004100473990002300514INLIS00000000000523020260515091857 a0010-0222000320ta aSBPUPADbInd0 aYusuf ManusePengarang1 aBerfikir Besar Bertindak Besar,Berfikir Positif Bertindak Positif Ala Yusuf Mansur a.-Cet 1 a144 hal. :bIlus ;c15x23 cm aInd a297.576 a297.576 YUS b a297.13 ALI k 2-22 a.--Jakarta Timur :bZikrul Hakim,c2011 2rdacontentaTeks 2rdamediaaTanpa Perantara 2rdacarrieraVolume 4aAgama0 aEditor, Asep HikmatillahePengarang aPUPAD260515 0  a22.264/S/KAPD/2016